| 000 | 00748nam a22002057a 4500 | ||
|---|---|---|---|
| 999 |
_c19696 _d19696 |
||
| 003 | AR-CdUCM | ||
| 008 | 190520b ||||| |||| 00| 0 spa d | ||
| 040 |
_aMUNICIPALIDAD PROVINCIAL DEL CUSCO _cBIBLIOTECA MUNICIPAL DEL CUSCO |
||
| 082 |
_a370 / _bB17 |
||
| 100 |
_aBalabanian, Norman _941195 |
||
| 245 | _aEnseñanza programada en la educación activa / | ||
| 260 |
_aBuenos Aires : _bPaz México, _c1974. |
||
| 300 |
_a110 páginas ; _c24 cm. |
||
| 505 | _aContenido : Observación sobre la educación -- Conceptos introductorios -- El principio del refuerzo... | ||
| 650 |
_aEstrategias de aprendizaje _93147 |
||
| 650 |
_aClasificación de conductas _941196 |
||
| 650 |
_aVerdades educativos _941197 |
||
| 942 |
_2ddc _cLIBROS |
||
| 945 | _arcc | ||